000 00722nam a2200289Ia 4500
005 20260324132506.0
008 008 260324s9999 xx 000 0 eng d
020 _a9780203646977
037 _aEBOOK
040 _aCRL
040 _beng
040 _cCRL
041 _2eng
041 _aeng
084 _qCRL
100 _aDaniel Pick; Lyndal Roper
_91189488
245 0 _aDreams and History
245 4 _bThe Interpretation of Dreams from Ancient Greece to Modern Psychoanalysis
260 _bTaylor and Francis
260 _c2004
365 _a
365 _b120
856 _uhttp://www.taylorfrancis.com/books/9780203646977
942 _cEBOOK
999 _c1787642
_d1787642